|
|
|
|
| LEADER |
00821cam a2200217 7i4500 |
| 001 |
0000005050 |
| 005 |
20170726090000.0 |
| 020 |
|
|
|a 0749419490
|
| 090 |
0 |
0 |
|a LB2395.2
|b .M36 1996
|
| 245 |
0 |
4 |
|a The management of independent learning
|c edited by Jo Tait, Peter Knight.
|
| 260 |
|
|
|a London:
|b Kogan Page,
|c 1996.
|
| 300 |
|
|
|a xii, 164 p.:
|b ill.;
|c 24 cm.
|
| 440 |
0 |
0 |
|a The staff and educational development series
|
| 504 |
|
|
|a Includes bibliographical references (p. 153-161) and index
|
| 650 |
0 |
0 |
|a Independent study
|
| 650 |
0 |
0 |
|a Education, Higher --
|x Administration
|
| 650 |
0 |
0 |
|a Continuing education --
|x Administration
|
| 700 |
1 |
|
|a Tait, Jo
|
| 700 |
1 |
|
|a Knight, Peter(
|d 1950-)
|
| 997 |
|
|
|a Education & Social Sciences, Faculty
|b Education, Department
|
| 999 |
|
|
|a 0000002425
|b BOK
|c OPEN SHELF
|e 1st Floor, Bestari Jaya
|